| 000 | 00369nam a2200157Ia 4500 | ||
|---|---|---|---|
| 008 | 230917s9999||||xx |||||||||||||| ||und|| | ||
| 020 | _cRS22.5 | ||
| 040 |
_e19502 _aMAIN |
||
| 041 | _aEnglish | ||
| 082 | _a301.4 B65S | ||
| 100 | _aBose, N K | ||
| 245 | 0 | _aStructure of Hindu society | |
| 260 |
_aNew Delhi _bSangam Books _c1976 |
||
| 300 | _a171 p. | ||
| 942 | _cBK | ||
| 999 |
_c187269 _d187269 |
||